Fallout 4 Quiz(hard) - Statistics

General Stats
  • This quiz has been taken 797 times
  • The average score is 6 of 15
Answer Stats
Question Answer % Correct
Where can the Vault-Tec rep be found post war? Goodneighbor
78%
KLE-O, the robot vender in Goodneighbor is what type of robot? Assaultron
68%
Which minuteman that you meet at the beginning of the game is actually a synth? Sturges
63%
How many unique power armor paint jobs are there including faction paints? 14
53%
What faction uses symbols at building to represent things like the thieves guild in Skyrim? The Railroad
53%
What is the name of the cat that runs out of vault 81 when you first arrive? Ashes
48%
What vendor sells the unique Two shot Fatman with the name Big Boy? Arturo
47%
How many settlements are in the base game? 30
46%
What creature is institute bioscience trying to synthettically create? Gorillas
44%
What is the name of the previous minuteman General's sentry bot? Sarge
29%
What is the name of Mayor McDonough's assistant? Geneva
25%
What is the Perk you get when you get max affinity with Nick Valentine? Close to Metal
13%
What is the Perk that you get when you get max affinity with Mccready? Killshot
10%
What weapon was cut from the original game but added in Far Harbor? The Harpoon Gun
7%
Proctor Teagan sells two unique flower armor legs. What are there names? Honor and Vengeance
3%
No matching quizzes found
Score Distribution
Percent of People with Each Score
Percentile by Number Answered
Your Score History
You have not taken this quiz